La science de l'esprit (Record no. 155652)

MARC details
000 -LEADER
campo de control de longitud fija 00759nam a22002055i 4500
001 - NÚMERO DE CONTROL
campo de control 155652
003 - IDENTIFICADOR DE NÚMERO DE CONTROL
campo de control ES-MaACL
005 - FECHA Y HORA DE LA ÚLTIMA TRANSACCIÓN
campo de control 20250804062750.0
008 - DATOS DE LONGITUD FIJA--INFORMACIÓN GENERAL
campo de control de longitud fija 040726s1864 fr |||| | fre d
040 ## - FUENTE DE CATALOGACIÓN
Centro catalogador/agencia de origen CAM
Lengua de catalogación spa
Centro/agencia transcriptor CAM
100 1# - ENTRADA PRINCIPAL--NOMBRE DE PERSONA
Nombre de persona Huet, François.
9 (RLIN) 128073
245 13 - MENCIÓN DEL TÍTULO
Título La science de l'esprit
Resto del título : principes généraux de philosophie pure et appliquée /
Mención de responsabilidad, etc. par F. Huet.
260 ## - PUBLICACIÓN, DISTRIBUCIÓN, ETC.
Lugar de publicación, distribución, etc. Paris :
Nombre del editor, distribuidor, etc. F. Chamerot libraire-éditeur ;
Lugar de publicación, distribución, etc. Bruxelles :
Nombre del editor, distribuidor, etc. Office de Publicité,
Fecha de publicación, distribución, etc. 1864 (
Lugar de fabricación/manufactura Paris :
Fabricante Imprimerie de E. Martinet)
300 ## - DESCRIPCIÓN FÍSICA
Extensión 2 v. (XII, 539; 456 p.) ;
Dimensiones 22 cm.
650 #7 - PUNTO DE ACCESO ADICIONAL DE MATERIA--TÉRMINO DE MATERIA
Término de materia o nombre geográfico como elemento de entrada Filosofía
Fuente del encabezamiento o término embne
9 (RLIN) 12802
752 ## - ENTRADA AGREGADA--NOMBRE JERÁRQUICO DEL LUGAR
País o entidad superior Francia -
Ciudad París
752 ## - ENTRADA AGREGADA--NOMBRE JERÁRQUICO DEL LUGAR
País o entidad superior Bélgica -
Ciudad Bruselas
852 ## - LOCALIZACIÓN
Ubicación ES-MaACL
Número de control de estantería G-9382-9383
Nota libre -- Enc. hol.
Holdings
Estatus retirado Estado de pérdida Estado de daño No para préstamo Colección Biblioteca de origen Biblioteca actual Ubicación en estantería Fecha de adquisición Fuente de adquisición Total de préstamos Signatura topográfica completa Código de barras Visto por última vez Precio de reemplazo Tipo de ítem Koha
        Libros del s. XIX Biblioteca del Ateneo de Madrid Biblioteca del Ateneo de Madrid Sala Pecera Planta 3 17/01/2008     G-9382-9383 1162817 23/02/2023 23/02/2023 Libro impreso antiguo